000 00543nam a22001817a 4500
999 _c190848
_d190848
005 20220805172103.0
010 _aENG-134328
020 _a9789387284180
_c249.00
035 _aEN-117860
037 _bDBAD/PUB
082 _a332.178
100 _aMohanty, Debajani
245 _aBlockChain:
_bFrom Concept to Execurtion/
_cDebajani Mohanty
260 _aNew Delhi
_bBPB Publication
_c2018
270 _a20, Ansari Road, Darya Ganj
_bNew Delhi
_e110002
300 _axii, 98p.
_c23cm(pbk)
942 _2ddc
_cEN
_h332.178
_mMOH